| 000 | 00578nam a22002057a 4500 | ||
|---|---|---|---|
| 003 | OSt | ||
| 005 | 20260601171022.0 | ||
| 008 | 260520b1726\\\\ag\a||||\||||\00|\0\spa\d | ||
| 040 |
_aICI _bspa _cICI _erda |
||
| 041 | _aspa | ||
| 050 |
_aHT119 _bD68 1968 |
||
| 100 | _eautor | ||
| 245 |
_aEkistica : _bLa ciencia de los establecimientos humanos / _ctraductor Alberto Sato |
||
| 264 |
_aBuenos Aires : _bEdiciones Nueva Visión, _c1728 |
||
| 336 |
_2rdacontent _atexto |
||
| 337 |
_2rdamedia _asin medio |
||
| 338 |
_2rdacarrier _avolumen |
||
| 490 | _avolumen | ||
| 942 |
_2lcc _cB _n1 |
||
| 999 |
_c20916 _d20916 |
||